Loading...
Literature - British Literature | 0 | 4 | 0 | 1 | 40 | 121 | 132.25 | 0 | 3 |
Fine Arts - Other Arts | 1 | 2 | 0 | 0 | 35 | 66 | 114.00 | 0 | 1 |
Literature - American Literature | 0 | 4 | 1 | 0 | 35 | 92 | 103.00 | 1 | 4 |
Literature - European Literature | 1 | 2 | 1 | 0 | 30 | 54 | 104.33 | 0 | 1 |
History - American History | 0 | 3 | 0 | 1 | 30 | 123 | 126.67 | 0 | 1 |
Social Science | 0 | 3 | 0 | 1 | 30 | 85 | 107.67 | 0 | 2 |
Literature - World Literature | 0 | 3 | 0 | 0 | 30 | 138 | 140.33 | 0 | 2 |
Auditory Arts | 1 | 1 | 1 | 0 | 20 | 43 | 72.50 | 1 | 2 |
History - World History | 0 | 2 | 0 | 1 | 20 | 120 | 131.50 | 1 | 1 |
Philosophy | 1 | 1 | 1 | 0 | 20 | 73 | 88.50 | 1 | 2 |
Science - Other Science | 1 | 0 | 1 | 0 | 10 | 71 | 71.00 | 0 | 1 |
Science - Physics | 0 | 1 | 0 | 0 | 10 | 74 | 74.00 | 0 | 1 |
History - Other History | 0 | 0 | 0 | 0 | 0 | 0.00 | 0 | 0 | |
Beliefs | 0 | 0 | 0 | 0 | 0 | 0.00 | 0 | 0 | |
History - European History | 0 | 0 | 1 | 0 | -5 | 0.00 | 0 | 0 | |
History - Ancient History | 0 | 0 | 1 | 0 | -5 | 0.00 | 0 | 0 | |
Visual Arts | 0 | 0 | 3 | 0 | -15 | 0.00 | 0 | 0 |